Państwa Ameryki Południowej według dwóch ostatnich liter - Statystyki

Ogólne statystyki
  • Ten quiz został rozwiązany 365 razy
  • Średni wynik to 11 z 12
Odpowiedzi na mapie
Odpowiedzi zakodowano w zielono-czerwonej skali na mapie do tego quizu, zgodnie z poniższymi procentami.
 
Statystyki odpowiedzi
Kraj % Poprawnych
Boliwia
99%
Brazylia
99%
Kolumbia
99%
Argentyna
96%
Gujana
96%
Chile
87%
Paragwaj
85%
Peru
85%
Urugwaj
85%
Wenezuela
80%
Ekwador
74%
Surinam
69%
Nie znaleziono quizów pasujących do podanych kryteriów
Rozkład punktacji
Procent ludzi z każdym wynikiem
Percentyl według liczby udzielonych odpowiedzi
Twoja historia wyników
Nie rozwiązałeś tego quizu